Kes-kes tatatertib yang dibawa ke mahkamah

Bibliographic Details
Corporate Author: MALAYSIA
Format: Book
Published: Kuala Lumpur : Jabatan Perkhidmatan Awam , 1992
Subjects:

MARC

LEADER 00000cam a2200000 7i4500
001 0000000468
005 20000822.0
090 0 0 |a 354.595001   |b MAL 1992 
110 1 0 |a MALAYSIA   |c Jabatan Perkhidmatan Awam 
245 1 0 |a Kes-kes tatatertib yang dibawa ke mahkamah 
260 0 0 |a Kuala Lumpur :   |b Jabatan Perkhidmatan Awam ,   |c 1992 
300 |a x, [214] p. ;   |c 24 cm. 
500 0 0 |a Bahasa Malaysia and English text 
650 0 0 |a Civil service ethics   |z Malaysia 
650 0 0 |a Civil service   |z Malaysia 
650 0 0 |a Law and ethics 
999 |a 0000000030   |b Monograph   |c Open Shelf   |e Default branch 
999 |a 0000006506   |b Monograph   |c Open Shelf   |e Default branch